Southville International School and Colleges
Your cart is empty.
  • Cart
  • Lists
    Public lists Eva Luna New books Lux_list list_1
    Your lists Log in to create your own lists
  • Log in to your account
  • Your cookies
  • Search history
Southville International School and Colleges
  • Advanced search
  • Recent comments
  • Most popular
  • Libraries

Log in to your account

Log in with GOOGLE


If you do not have an external account, but do have a local account, you can still log in:

  1. Home
  2. MARC view: On directing and dramaturgy :
Normal view MARC view ISBD view

On directing and dramaturgy : (Record no. 22308)

[ view plain ]
MARC details
000 -LEADER
fixed length control field 00669nam a2200205 a 4500
005 - DATE AND TIME OF LATEST TRANSACTION
control field 20140310183401.0
008 - FIXED-LENGTH DATA ELEMENTS--GENERAL INFORMATION
fixed length control field 121115s19uu xx 00 eng d
020 ## - INTERNATIONAL STANDARD BOOK NUMBER
International Standard Book Number 9780415549219
050 ## - LIBRARY OF CONGRESS CALL NUMBER
Classification number PN 2053
Item number .B318 2010
100 ## - MAIN ENTRY--PERSONAL NAME
Personal name Barba, Eugenio
245 ## - TITLE STATEMENT
Title On directing and dramaturgy :
Remainder of title burning the house /
Statement of responsibility, etc Eugenio Barba ; translated by Judy Barba.
260 ## - PUBLICATION, DISTRIBUTION, ETC. (IMPRINT)
Place of publication, distribution, etc London :
Name of publisher, distributor, etc routledge,
Date of publication, distribution, etc 2010.
300 ## - PHYSICAL DESCRIPTION
Extent xx, 218 p. :
Other physical details ill. ;
Dimensions 24 cm.
500 ## - GENERAL NOTE
General note Translated from Italian. Includes bibliographical references.
521 ## - TARGET AUDIENCE NOTE
Target audience note
650 ## - SUBJECT ADDED ENTRY--TOPICAL TERM
Topical term or geographic name as entry element Theater
General subdivision Production and direction
650 ## - SUBJECT ADDED ENTRY--TOPICAL TERM
Topical term or geographic name as entry element Theater
General subdivision Philosophy
942 ## - ADDED ENTRY ELEMENTS (KOHA)
Koha item type Books
Source of classification or shelving scheme Library of Congress Classification
Call number prefix Foreign
Holdings
Withdrawn status Lost status Source of classification or shelving scheme Damaged status Home library Current library Shelving location Date acquired Source of acquisition Total Checkouts Full call number Barcode Date last seen Copy number Price effective from Koha item type
    Library of Congress Classification   College Library College Library General Circulation Section 01/22/2014 Donation   PN 2053 .B318 2010 C16220 05/15/2018 1 01/22/2014 Books

On directing and dramaturgy :

APA

Barba E., . (2010). On directing and dramaturgy. London: routledge.

Chicago

Barba Eugenio, . 2010. On directing and dramaturgy. London: routledge.

Harvard

Barba E., . (2010). On directing and dramaturgy. London: routledge.

MLA

Barba Eugenio, . On directing and dramaturgy. London: routledge. 2010.

  • Place hold
  • Print
  • Cite
  • Add to your cart (remove)
  • Save record
    BIBTEX Dublin Core MARCXML MARC (non-Unicode/MARC-8) MARC (Unicode/UTF-8) MARC (Unicode/UTF-8, Standard) MODS (XML) RIS
  • More searches
    Search for this title in:
    Other Libraries (WorldCat) Other Databases (Google Scholar) Online Stores (Bookfinder.com) Open Library (openlibrary.org)

Exporting to Dublin Core...

SOUTHVILLE LIBRARY

Southville International School and Colleges Library

1281 Tropical Ave. Cor. Luxembourg St., BF Homes International, Las Pinas City

Tel. No. 8256374 / 252358 Loc. 117/146

Powered by Koha